All 6 Letter Words that Begin With V - Statistics

General Stats
  • This quiz has been taken 4 times
  • The average score is 105 of 430
Answer Stats
% Correct
vacate
100%
vagina
100%
valley
100%
vandal
100%
vapors
100%
vealer
100%
venter
100%
verges
100%
versus
100%
Violle
100%
vipers
100%
vitals
100%
vixens
100%
volley
100%
vacant
75%
vacuum
75%
vaguer
75%
valors
75%
valved
75%
valves
75%
vanish
75%
vannal
75%
vapers
75%
vaping
75%
varies
75%
vassal
75%
vaster
75%
vastly
75%
vaults
75%
veered
75%
veiled
75%
velvet
75%
vended
75%
vender
75%
vented
75%
verdin
75%
verged
75%
verger
75%
verrel
75%
versed
75%
verser
75%
verses
75%
verves
75%
vessel
75%
vested
75%
vetted
75%
vetter
75%
vexing
75%
vibing
75%
viewer
75%
Viking
75%
villus
75%
vinery
75%
violas
75%
violet
75%
violin
75%
vising
75%
visits
75%
visors
75%
vistas
75%
voguer
75%
vogues
75%
voiced
75%
voicer
75%
voices
75%
voided
75%
voters
75%
voting
75%
vowers
75%
vrooms
75%
vading
50%
vailed
50%
vainly
50%
valour
50%
valued
50%
valuer
50%
values
50%
vanity
50%
vanned
50%
vanner
50%
vannus
50%
vapory
50%
vapour
50%
varied
50%
vatted
50%
vaunts
50%
vaxing
50%
vealed
50%
vector
50%
vegans
50%
veggie
50%
vellum
50%
velour
50%
vendor
50%
veneer
50%
vennel
50%
venoms
50%
verbal
50%
verbed
50%
verity
50%
vermin
50%
verted
50%
vertex
50%
vetoed
50%
vetoer
50%
vexers
50%
vicars
50%
vicing
50%
victor
50%
videos
50%
viewed
50%
vigils
50%
villas
50%
viners
50%
vining
50%
virgin
50%
Virgos
50%
visage
50%
vittas
50%
vittle
50%
vogued
50%
voider
50%
volume
50%
voodoo
50%
vortex
50%
vowels
50%
vowing
50%
vulgar
50%
vulvas
50%
vacays
25%
vagary
25%
valent
25%
valise
25%
vallis
25%
valval
25%
vamped
25%
vamper
25%
Vanist
25%
vanman
25%
vanmen
25%
varier
25%
vaudes
25%
vaulty
25%
vaxxed
25%
veined
25%
vendee
25%
venged
25%
venger
25%
venges
25%
venial
25%
venues
25%
verify
25%
verily
25%
verist
25%
vermes
25%
vernal
25%
versal
25%
versin
25%
versos
25%
vertus
25%
vervel
25%
verver
25%
vespas
25%
vesper
25%
vestal
25%
vestas
25%
vestee
25%
vetoes
25%
victim
25%
vielle
25%
vigors
25%
vigour
25%
vilely
25%
vilest
25%
vincas
25%
vineal
25%
vinted
25%
virgas
25%
virile
25%
virtue
25%
vision
25%
visite
25%
visons
25%
visual
25%
vittae
25%
vivers
25%
Vivian
25%
Vivien
25%
vizard
25%
vizier
25%
vizors
25%
vocals
25%
voders
25%
vodkas
25%
voiles
25%
voltes
25%
volute
25%
volved
25%
volves
25%
vomers
25%
vomits
25%
voudou
25%
voyage
25%
voyeur
25%
Vulcan
25%
vulgus
25%
vaadim
0%
vacoas
0%
vadose
0%
vagged
0%
vagile
0%
vagous
0%
vagrom
0%
vahine
0%
vainer
0%
vaires
0%
vairys
0%
Vaisya
0%
vakass
0%
vakeel
0%
vakils
0%
valets
0%
valgum
0%
valgus
0%
valine
0%
Valkyr
0%
vallum
0%
Valois
0%
valses
0%
valuta
0%
valvae
0%
valyls
0%
vangas
0%
Vaquez
0%
varans
0%
varech
0%
varecs
0%
variad
0%
Variag
0%
varlet
0%
varsha
0%
Varuna
0%
varved
0%
varvel
0%
varves
0%
Vascon
0%
vatman
0%
vatmen
0%
vaunty
0%
vaward
0%
vaxxes
0%
Veadar
0%
Vedaic
0%
Veddah
0%
Veddas
0%
vedros
0%
veejay
0%
veenas
0%
vegete
0%
vegies
0%
veinal
0%
veiner
0%
velars
0%
velate
0%
veldts
0%
veleta
0%
velled
0%
vellon
0%
veloce
0%
velure
0%
Vendas
0%
vendue
0%
venene
0%
venery
0%
Veneti
0%
veneur
0%
venins
0%
venire
0%
Venise
0%
Venite
0%
venose
0%
venous
0%
ventil
0%
venula
0%
venule
0%
venust
0%
Vepses
0%
verbid
0%
verdet
0%
verdit
0%
verein
0%
vereks
0%
verier
0%
verism
0%
verite
0%
vermis
0%
vermix
0%
Verner
0%
vernix
0%
verset
0%
versts
0%
vertep
0%
vervet
0%
vesica
0%
veskit
0%
vespal
0%
vespid
0%
vestry
0%
veuves
0%
viable
0%
viably
0%
viands
0%
viator
0%
vibist
0%
vibrio
0%
Vicara
0%
vicine
0%
vicins
0%
vicuna
0%
vidame
0%
viddui
0%
Vidian
0%
vidual
0%
vigias
0%
vihara
0%
vijaos
0%
Vilela
0%
vilify
0%
vility
0%
villae
0%
villan
0%
vimana
0%
vimpas
0%
vinage
0%
vinals
0%
Vinaya
0%
vineae
0%
vinets
0%
vinier
0%
vinify
0%
vinous
0%
Vinson
0%
vintas
0%
vintem
0%
vinyls
0%
vinyon
0%
violan
0%
violon
0%
Viorna
0%
Vipera
0%
vipoma
0%
virago
0%
virama
0%
virent
0%
vireos
0%
virial
0%
virion
0%
viroid
0%
Virola
0%
virose
0%
virous
0%
virtus
0%
visaed
0%
viscid
0%
viscin
0%
viscum
0%
viscus
0%
viseed
0%
visees
0%
Vishnu
0%
visile
0%
visive
0%
Vismia
0%
visnes
0%
vitric
0%
viuvas
0%
vivace
0%
vivary
0%
vively
0%
viveur
0%
vivify
0%
vivres
0%
vizies
0%
vizsla
0%
Vlachs
0%
vlaies
0%
vocabs
0%
vocoid
0%
vodoun
0%
vodous
0%
voduns
0%
Voguls
0%
voidee
0%
voivod
0%
volage
0%
Volans
0%
volant
0%
volary
0%
volata
0%
volcan
0%
volent
0%
volery
0%
volets
0%
Volsci
0%
voluta
0%
volvas
0%
volvox
0%
volyer
0%
vomica
0%
vorago
0%
vorant
0%
votary
0%
voteen
0%
Votiak
0%
votive
0%
Votyak
0%
vouges
0%
vowely
0%
voxels
0%
VPOTUS
0%
vraics
0%
vrille
0%
vrouws
0%
Vugusa
0%
vulned
0%
Vulpes
0%
Vultur
0%
vulvae
0%
vulval
0%
vulvar
0%
No matching quizzes found
Score Distribution
Percent of People with Each Score
Percentile by Number Answered
Your Score History
You have not taken this quiz